000 01745nam a2200493 i 4500
001 44885
003 KOSZ 005
005 20211216152239.0
008 040227s2003 pl a f f |001 0 pol
015 _aUWD 2004/4220
020 _a8373611339
035 _a991022198689705066
035 _a(PL-WaBN)b15990448-48omnis_nlop
035 _ab15990448
035 _a(OCoLC)830538980
035 _a(PL)b0000001599044
035 _a(EXLNZ-48OMNIS_NETWORK)9910452807305606
040 _aWA N
_cWA N
_dWA N
_dKOSZ 005/HR
041 1 _apol
_heng
046 _k2003
080 _a004.438
080 _a(07)
100 1 _aEckel, Bruce
_eAutor
245 1 0 _aThinking in Java :
_bedycja polska : doskonały podręcznik programowania obiektowego w najważniejszym języku ery Internetu /
_cBruce Eckel ; [tł. Adrian Nowak, Łukasz Fryz, Szymon Kobalczyk].
260 _aGliwice :
_b"Helion",
_ccop. 2003.
300 _a912 s. :
_btab. ;
_c24 cm.
336 _aTekst
_btxt
_2rdacontent
337 _aBez urządzenia pośredniczącego
_bn
_2rdamedia
338 _aWolumin
_bnc
_2rdacarrier
380 _aKsiążki
388 _a2001-
500 _aWyd. 3 oryg.
504 _aBibliogr. książek aut. s. 887. Indeks.
650 7 _aJava (język programowania)
_2DBN
655 7 _aPodręcznik
_2DBN
658 _aInformatyka i technologie informacyjne
700 1 _aFryz, Łukasz
_eTłumaczenie
700 1 _aKobalczyk, Szymon
_eTłumaczenie
700 1 _aNowak, Adrian
_c(informatyk)
_eTłumaczenie
710 2 _aHelion
_4pbl
856 _uhttp://koha.tu.koszalin.pl/cgi-bin/koha/opac-detail.pl?biblionumber=44885
_yKatalog online BPK
942 _2UKD
_cKS
999 _c44885
_d44885